| 000 | 00332nam a2200121Ia 4500 | ||
|---|---|---|---|
| 008 | 210430s9999 xx 000 0 und d | ||
| 082 | _a621.381 S2911 G | ||
| 100 | _aMitchel E Schultz | ||
| 245 |
_aGrob,s Basic electronics _cMitchel E Schultz |
||
| 260 |
_aNew Delhi _bTata McGraw Hill _c2007 |
||
| 300 | _a1119p | ||
| 942 |
_cBK _2ddc |
||
| 999 |
_c562668 _d562668 |
||